000 00273nam a2200097Ia 4500
001 853864
005 20250826174541.0
008 250824s9999 xx 000 0 und d
245 0 _aBAŞKA"AYRILIK AYRI,AŞK BİTİŞİK YAZILIR"
_cKAHRAMAN TAZEOĞLU
260 _bDESTEK YAYINLARI
999 _c853864
_d853864